000 00655na a2200241 4500
001 17613
003 MIRAKIL
005 20181213154811.0
008 161031b tu 000 0
040 _aMilas
_btur
_cTR-AnCHP
041 _atur
082 _a351.72
_bO92d 1989
090 _a351.72 O92d 1989
100 _aOyan, Oğuz
245 _aDışa açılma ve mali politikalar
_bTürkiye: 1980-1989
_cOğuz Oyan
250 _a2. bs.
260 _aAnkara
_bV Yayınları
_c1989
300 _a332 s.
_btbl.
_c21 sm.
504 _aKaynakça var.
650 _aMali politikalar
650 _aMali yönetim
_d1980-1989
_zTürkiye
942 _2ddc
_cBKS
999 _c1063
_d1063